| 000 | 00000nam##2200000za#4500 |
| 001 | 9.615299 |
| 003 | CaOODSP |
| 005 | 20210615101052 |
| 007 | ta |
| 008 | 150406|2000||||xxc||||| f|0| 0 eng|d |
| 020 | |a0-660-18250-5 |
| 022 | |a1200-5223 |
| 040 | |aCaOODSP|beng |
| 043 | |an-cn--- |
| 086 | 1 |aCS11-0019/152E |
| 245 | 00|aRural youth : |bstayers, leavers and return migrants / |cby Richard Dupuy, Francine Mayer and René Morissette. |
| 260 | |aOttawa - Ontario : |bStatistics Canada. |c2000. |
| 300 | |a177p. : |btables ; |c28 cm. |
| 490 | 1 |aResearch paper series|x1200-5223|v152 |
| 500 | |a"This paper has documented migration patterns in rural and urban areas during the 1990s... Because of a lack of appropriate data at the national level, it has not investigated the factors which underlie migration and return migration patterns."--Page 30. |
| 520 | 3 |aThis paper has documented migration patterns in rural and urban areas during the 1990s... Because of a lack of appropriate data at the national level, it has not investigated the factors which underlie migration and return migration patterns.--Page 30 |
| 563 | |aRing binding |
| 590 | |a00-37|b2000-09-15 |
| 710 | 2 |aStatistics Canada. |bAnalytical Studies Branch. |
| 720 | 1 |aDupuy, Richard |
| 720 | 1 |aMayer, Francine |
| 720 | 1 |aMorissette, René |
| 775 | 08|tLes jeunes ruraux : |w(CaOODSP)9.625410 |
| 776 | 0#|tRural youth : |w(CaOODSP)9.574678 |
| 830 | #0|aResearch paper series,|x1200-5223|v152|w(CaOODSP)9.514463 |